000 00750nam a2200181 i 4500
001 58120
003 ES-MaACL
005 20230906163730.0
007 t|
008 031021m19081913fr ||||1| fre d
100 1 _aDoyen, E.
_945546
245 1 0 _aTraite de thérapeutique chirurgicale et de techique opératoire /
_cE. Doyen.
260 _aParis :
_b[s.n.],
_c1908-13 (
_fPhilippe Renouard)
300 _a5 v. ;
_c28 cm.
505 8 _aContiene: T. I: Technique chirurgicale générale. -- T. II: Operations sus la tête. -- T. III: chirurgie du cou, du thorax et du membre supérieur. -- T. IV: Operations sur les organes génito-urinaires et sur le membre inferieur
650 0 4 _aTerapéutica quirúrgica.
_917480
852 _aES-MaACL
_jB-11002-06
999 _c58120
_d58120